Statistiken für Die teuersten Autos

Klicken Sie hier um das Quiz zu spielen!

Allgemein

  • Dieses Quiz wurde 122 mal gespielt
  • Das Durchschnittsergebnis liegt bei 2 aus 25

Antwortstatistiken

PreisAuto% Korrekt
10 MillionenBugatti Chiron Profilée
94%
3,7 MillionenKoenigsegg CC850
41%
3 MillionenKoenigsegg Jesko
16%
7 MillionenPagani Huayra Codalunga
14%
26 MillionenRolls Royce Boat Tail
13%
4,76 MillionenBugatti Bolide
7%
5,95 MillionenBugatti Mistral
5%
1,7 MillionenKoenigsegg Gemera
5%
2,5 MillionenMcLaren Speedtail
5%
2,5 MillionenRimac Nevera
3%
3,5 MillionenAston Martin Valkyrie
2%
2,2 MillionenDeus Vayanne
2%
2,74 MillionenGordon Murray T.50
2%
2,6 MillionenLamborghini Countach
2%
3,5 MillionenMcLaren Solus GT
2%
3,3 MillionenMercedes-AMG Project One
2%
2,56 MillionenPagani Utopia
2%
2 MillionenBentley Mulliner Batur
1%
2 MillionenDelage D12
1%
2,96 MillionenHennessey Venom F5 Roadster
1%
1,96 MillionenHispano Suiza Carmen Boulogne
1%
2,36 MillionenLotus Evija
1%
2,6 MillionenPininfarina Battista
1%
6 MillionenSpyros Panopoulos Chaos
1%
1,725 MillionenZenvo TSR-S
1%

Verteilung der Resultate

Perzentil nach korrekt beantworteten Fragen

Anzahl Personen mit jedem Resultat

Ihre Resultats-Entwicklung

Sie haben dieses Quiz noch nicht gespielt